Statistics for Most Populous Cities in Ontario

Click here to take the quiz!

General Stats

  • This quiz has been taken 15 times
  • The average score is 12 of 20

Answer Stats

RankPopulationAnswer% Correct
3729,560Hamilton
100%
5423,369London
100%
15,647,656Toronto
100%
21,068,821Ottawa-Gatineau
91%
7306,519Windsor
91%
4522,888Kitchener
73%
1595,266Thunder Bay
73%
10144,356Guelph
64%
12127,943Kingston
64%
8242,460St. Catharines-Niagara Falls
64%
1692,093Sudbury
64%
9154,676Barrie
55%
1973,944Sarnia
55%
6335,949Oshawa
45%
1875,052Belleville
36%
13124,579Milton
36%
1784,793Peterborough
36%
14104,413Brantford
27%
2069,302Welland-Pelham
18%
11137,118Kanata
9%

Score Distribution

Percentile by Number Answered

Percent of People with Each Score

Your Score History

You have not taken this quiz